000 01002nam a2200265 a 4500
008
020 _a0080420834 (pbk.)
049 _aMAIN
090 _aTP155
_bCOU
100 1 _aCoulson, J.M.
245 1 0 _aCoulson & Richardson's chemical engineering.
_nvol. 4. :
_bsolutions to the problems in chemical engineering volume 1 /
_cJ.M. Coulson and J.F. Richardson ; edited by J.R. Blackhurst and J.H. Harker.
260 _aOxford :
_bPergamon,
_c1994.
300 _aix, 264 p. ;
_c25 cm.
650 0 _aChemical engineering.
700 1 _aRichardson, J. F.
700 1 _aBlackhurst, J. R.
700 _aHarker, J. H.
740 _aChemical engineering : volume 4 solutions to the problems in chemical engineering 1.
740 _aSolutions to the problems in chemical engineering 1 : Chemical engineering, volume 4.
907 _a.b10115596
_b28-03-13
_c25-03-04
003
005 20230123134034.0
040 _cNUST
942 _cBOOKS
_kTP155
_mCOU
999 _c158949
_d158949